| 000 | 00682nam a2200205 a 4500 | ||
|---|---|---|---|
| 001 | 000026032 | ||
| 005 | 20200930024238.0 | ||
| 008 | 110225s1966 sp r 000 0 spa d | ||
| 040 |
_aDO-SdBNP _bspa _cBNPHU |
||
| 041 | 1 | 7 |
_aspa _hger _2Código de idiomas MARC |
| 082 |
_ann* _bnn* |
||
| 100 | 1 |
_aVon Doderer, Heimito. _952955 |
|
| 240 | 1 | 0 |
_aEin mord den jeder begeht. _lEspañol |
| 245 | 1 | 0 |
_aUn asesinato que comete cualquiera / _cHeimito Von Doderer ; traducción de Pablo Simon. |
| 260 |
_aBarcelona : _bPlaza & Janes, _c1966. |
||
| 300 |
_a408 p. ; _c19 cm. |
||
| 534 |
_aTítulo original : _tEin mord den jeder begeht |
||
| 700 | 1 |
_aSimon, Pablo, _etr. _952956 |
|
| 049 | _aBNGR | ||
| 999 |
_c25524 _d25524 |
||